Fernando Yépez Laso. El Desconcierto de la política: la revalorización de la política democrática /
Guardado en:
| Autor principal: | |
|---|---|
| Otros Autores: | |
| Formato: | Texto |
| Materias: | |
| Etiquetas: |
Agregar Etiqueta
Sin Etiquetas, Sea el primero en etiquetar este registro!
|
MARC
| LEADER | 00000 a a2200000 04500 | ||
|---|---|---|---|
| 001 | 13257 | ||
| 003 | |||
| 040 | |||
| 100 | |a Rivas Leone, José | ||
| 245 | |a Fernando Yépez Laso. El Desconcierto de la política: |b la revalorización de la política democrática / |c José Rivas Leone | ||
| 500 | |a Reseña de:Fernando Yépez Laso | ||
| 650 | |a POLITICA | ||
| 650 | |a DEMOCRACIA | ||
| 700 | |a Quintero Acosta, Mayela |a reseñador | ||
| 773 | |g número 8 -9 Primavera; páginas 273-277 | ||
| 999 | |c 27845 |d 27845 | ||
